000 00635cam a22002173a 4500
001 39229
003 PGUSA
005 20140828083854.0
008 120322s2012||||xxu|||||s|||||000 | eng d
040 _aPGUSA
_beng
042 _adc
100 1 _aBedford-Jones, H.
_q(Henry),
_d1887-1949
245 1 4 _aThe Mardi Gras Mystery
_h[electronic resource] /
_cH. Bedford-Jones
260 _bProject Gutenberg,
_c2012
506 _aPublic domain in the USA.
516 _aElectronic text
700 1 _aHowitt, John Newton,
_d1885-1958
830 0 _aProject Gutenberg
_v39229
856 4 0 _uhttp://www.gutenberg.org/ebooks/39229
942 _cEB
999 _c268482
_d268482